[Event "GER-chT North U16"]
[Site "Berlin"]
[Date "2012.09.08"]
[Round "5.3"]
[White "Zur Nieden, Philipp"]
[Black "Schmid, Floyd"]
[Result "0-1"]
[WhiteElo "1335"]
[BlackElo "1605"]
[PlyCount "74"]
[EventDate "2012.09.06"]
[EventType "team-swiss"]
[EventRounds "7"]
[EventCountry "GER"]
[SourceTitle "EXT 2015"]
[Source "ChessBase"]
[SourceDate "2014.11.20"]
[SourceVersion "1"]
[SourceVersionDate "2014.11.20"]
[SourceQuality "1"]
[WhiteTeam "Halle USV"]
[BlackTeam "Berlin Empor"]
[WhiteTeamCountry "GER"]
[BlackTeamCountry "GER"]

1. e4 c5 2. Nf3 e6 3. d4 cxd4 4. Nxd4 a6 5. Nc3 Qc7 6. Be2 Nf6 7. a3 Be7 8. Bg5 d6 9. 0-0 0-0 10. Qd2 Nbd7 11. Rad1 b5 12. Bf3 Bb7 13. Rfe1 Ne5 14. b3 Rac8 15. Bxf6 Bxf6 16. Nce2 Nxf3+ 17. gxf3 g6 18. Rc1 e5 19. c4 exd4 20. cxb5 Qb6 21. bxa6 Bxa6 22. b4 Rc7 23. Rxc7 Qxc7 24. Nxd4 Rc8 25. Kg2 Qc4 26. Rd1 Bg7 27. a4 d5 28. exd5 Qxd5 29. b5 Bb7 30. Qe3 Rd8 31. Qe7 Bxd4 32. Rd3 Bf6 33. Rxd5 Bxe7 34. Re5 Bf6 35. Rc5 Rc8 36. Rxc8+ Bxc8 37. a5 Bd8 0-1

[Event "GER-chT Nord-Ost U20 U20 1112"]
[Site "Germany"]
[Date "2012.01.08"]
[Round "2"]
[White "Schmid, Floyd"]
[Black "Schmidek, Emil"]
[Result "1/2-1/2"]
[WhiteElo "1548"]
[BlackElo "1723"]
[PlyCount "174"]
[EventDate "2011.09.24"]
[EventType "team-tourn"]
[EventRounds "9"]
[EventCountry "GER"]
[SourceTitle "EXT 2015"]
[Source "ChessBase"]
[SourceDate "2014.11.20"]
[SourceVersion "1"]
[SourceVersionDate "2014.11.20"]
[SourceQuality "1"]

1. e4 e5 2. Nf3 Nc6 3. Bc4 Nf6 4. d3 Be7 5. c3 0-0 6. 0-0 d5 7. exd5 Nxd5 8. Re1 Bg4 9. h3 Bh5 10. Be3 Kh8 11. Bb3 f5 12. Bc2 Bd6 13. Bg5 Qd7 14. Bb3 Nf6 15. Nbd2 h6 16. Bxf6 Rxf6 17. Qc2 g5 18. Re3 g4 19. hxg4 fxg4 20. Nh2 Bc5 21. Ne4 Bxe3 22. Nxf6 Qf5 23. Nxh5 Bb6 24. Ng3 Qf4 25. Nhf1 Rf8 26. Ne4 h5 27. Qd2 Qxd2 28. Nfxd2 g3 29. Nf3 gxf2+ 30. Nxf2 e4 31. dxe4 Ne5 32. Nxe5 Rxf2 33. Kh1 Re2 34. Nd7 Bf2 35. e5 Re4 36. g3 Bxg3 37. e6 Bd6 38. Rg1 Rh4+ 39. Kg2 Rh2+ 40. Kf1 Rxb2 41. Nf6 Rb1+ 42. Kg2 Rxg1+ 43. Kxg1 Kg7 44. Nxh5+ Kf8 45. Nf6 Ke7 46. Ne4 Be5 47. Kf2 a5 48. a4 c6 49. Ke3 b5 50. axb5 cxb5 51. Kd3 b4 52. cxb4 axb4 53. Nc5 Kd6 54. Na6 Bc3 55. Nc5 Be1 56. Ke4 Bd2 57. Nd3 Bg5 58. Nxb4 Kc5 59. Kf5 Bd8 60. Nd3+ Kd6 61. Kg6 Be7 62. Kf7 Bg5 63. Nf2 Ke5 64. Ng4+ Kf5 65. Nh6+ Ke5 66. Bc2 Bd8 67. Ng8 Bg5 68. Ne7 Kd6 69. Nf5+ Ke5 70. e7 Bxe7 71. Nxe7 Kd4 72. Ke6 Kc3 73. Bf5 Kd4 74. Nc6+ Kc5 75. Be4 Kc4 76. Ne5+ Kd4 77. Bg6 Kc5 78. Nd3+ Kd4 79. Kd6 Kc4 80. Ke5 Kc3 81. Kd5 Kb3 82. Kd4 Kc2 83. Ne1+ Kb3 84. Kd3 Kb4 85. Be8 Kc5 86. Ke4 Kc4 87. Nd3 Kc3 1/2-1/2

[Event "GER-chT U12"]
[Site "Gross Doelln"]
[Date "2010.12.29"]
[Round "5.2"]
[White "Schmid, Floyd"]
[Black "Tuente, Marcel"]
[Result "1-0"]
[WhiteElo "1314"]
[BlackElo "1300"]
[PlyCount "117"]
[EventDate "2010.12.27"]
[EventType "team-swiss"]
[EventRounds "7"]
[EventCountry "GER"]
[SourceTitle "CBM 140 Extra"]
[Source "ChessBase"]
[SourceDate "2011.03.01"]
[SourceVersion "1"]
[SourceVersionDate "2011.03.01"]
[SourceQuality "1"]
[WhiteTeam "Berlin Empor U12"]
[BlackTeam "Raesfeld Erle U12"]
[WhiteTeamCountry "GER"]
[BlackTeamCountry "GER"]

1. e4 e5 2. Nf3 Nc6 3. Bc4 Bc5 4. c3 Nf6 5. d3 d6 6. Bg5 h6 7. Bh4 0-0 8. 0-0 Be6 9. Bb3 Bg4 10. h3 Bh5 11. Nbd2 Re8 12. Re1 Qe7 13. a4 a6 14. Ba2 b5 15. Bxf6 Qxf6 16. Bd5 Na7 17. Bxa8 Rxa8 18. b4 Bb6 19. a5 Bxa5 20. Rxa5 Nc6 21. Ra2 Qe6 22. Qb3 Qc8 23. Rea1 Ne7 24. c4 c6 25. cxb5 cxb5 26. Qc2 Qb7 27. Rc1 Rc8 28. Qb1 Ra8 29. Rac2 Qd7 30. Rc7 Qd8 31. Qa2 Bg6 32. Nh4 Qe8 33. Nxg6 Nxg6 34. Qd5 Rd8 35. Qc6 Nf4 36. Qxe8+ Rxe8 37. R1c6 Nxd3 38. Rxa6 Nxb4 39. Rb6 Nd3 40. Rxb5 Nc5 41. f3 Rd8 42. Nc4 Ne6 43. Rcb7 Kf8 44. Rb8 Ke7 45. Rxd8 Nxd8 46. Rd5 f6 47. Rxd6 Ne6 48. Rb6 Nc5 49. Ne3 Kf7 50. Rc6 Ne6 51. Nf5 Nd4 52. Nxd4 exd4 53. Rd6 Kg6 54. Rxd4 Kg5 55. Kf2 h5 56. Rd5+ Kh6 57. f4 Kg6 58. e5 fxe5 59. fxe5 1-0

[Event "GER-chT U12"]
[Site "Gross Doelln"]
[Date "2010.12.27"]
[Round "2.2"]
[White "Schmid, Floyd"]
[Black "Hummel, Felician"]
[Result "1-0"]
[WhiteElo "1314"]
[BlackElo "1509"]
[PlyCount "95"]
[EventDate "2010.12.27"]
[EventType "team-swiss"]
[EventRounds "7"]
[EventCountry "GER"]
[SourceTitle "CBM 140 Extra"]
[Source "ChessBase"]
[SourceDate "2011.03.01"]
[SourceVersion "1"]
[SourceVersionDate "2011.03.01"]
[SourceQuality "1"]
[WhiteTeam "Berlin Empor U12"]
[BlackTeam "Leipzig Turm U12"]
[WhiteTeamCountry "GER"]
[BlackTeamCountry "GER"]

1. e4 e6 2. d4 d5 3. exd5 exd5 4. Bd3 Nf6 5. Bg5 h6 6. Bh4 Be6 7. Nf3 Nbd7 8. Nbd2 c5 9. c3 Qb6 10. Qc2 c4 11. Be2 Bd6 12. 0-0 0-0 13. Bg3 Qc7 14. Bxd6 Qxd6 15. h3 Rab8 16. b3 b5 17. Rfe1 Rfc8 18. Rac1 Nb6 19. Ne5 Nfd7 20. Nxd7 Qxd7 21. Bf3 Bf5 22. Qd1 Re8 23. Nf1 Rxe1 24. Qxe1 Re8 25. Qd2 Qe6 26. Ne3 Bd3 27. Ng4 Nd7 28. Qf4 f5 29. Ne3 g5 30. Qc7 f4 31. Bxd5 fxe3 32. Bxe6+ Rxe6 33. Qxd7 exf2+ 34. Kxf2 Bf5 35. Qxb5 cxb3 36. Qxf5 Re7 37. axb3 Rf7 38. Qxf7+ Kxf7 39. c4 Ke6 40. c5 Kd5 41. c6 Kxd4 42. c7 a5 43. c8Q a4 44. Qd8+ Ke5 45. Re1+ Kf5 46. Qf8+ Kg6 47. Re6+ Kh5 48. Qxh6# 1-0

[Event "GER-ch U10"]
[Site "Willingen"]
[Date "2008.05.11"]
[Round "4"]
[White "Schmid, Floyd"]
[Black "Marach, Jonas"]
[Result "1-0"]
[WhiteElo "1156"]
[BlackElo "1000"]
[PlyCount "105"]
[EventDate "2008.05.11"]
[EventType "swiss"]
[EventRounds "11"]
[EventCountry "GER"]
[SourceTitle "CBM 124 Extra"]
[Source "ChessBase"]
[SourceDate "2008.07.03"]
[SourceVersion "1"]
[SourceVersionDate "2008.07.03"]
[SourceQuality "1"]

1. e4 e5 2. Nf3 Nc6 3. Bc4 Nf6 4. d4 exd4 5. e5 d5 6. Bb5 Nd7 7. Bxc6 bxc6 8. 0-0 c5 9. Re1 Nb6 10. h3 Be7 11. b3 0-0 12. Bb2 f6 13. e6 Bd6 14. a4 a5 15. b4 axb4 16. a5 Nc4 17. Bc1 Rxa5 18. Rxa5 Nxa5 19. Qe2 Nc6 20. Nh4 Ne5 21. f4 Ng6 22. Nxg6 hxg6 23. e7 Bxe7 24. Qxe7 Qxe7 25. Rxe7 Rf7 26. Re1 Bf5 27. Re2 d3 28. cxd3 Bxd3 29. Rb2 Re7 30. Kf2 Re4 31. g4 Rc4 32. Bd2 Rc2 33. Rb3 Ra2 34. Rxd3 Ra1 35. Rb3 Ra2 36. Ke3 Kf7 37. f5 g5 38. Be1 Rh2 39. Kf3 Rxh3+ 40. Bg3 Rh1 41. Bxc7 Ke7 42. Bg3 Kd7 43. Nd2 Rd1 44. Ke2 Rc1 45. Rb1 Rxb1 46. Nxb1 Kc6 47. Kd2 d4 48. Kd3 Kd5 49. Nd2 Kc6 50. Kc4 Kb6 51. Nb3 d3 52. Kxd3 Kb5 53. Nd2 1-0

[Event "GER-ch U10"]
[Site "Willingen"]
[Date "2008.05.11"]
[Round "9"]
[White "Wiesner, Paula"]
[Black "Schmid, Floyd"]
[Result "0-1"]
[WhiteElo "1364"]
[BlackElo "1156"]
[PlyCount "94"]
[EventDate "2008.05.11"]
[EventType "swiss"]
[EventRounds "11"]
[EventCountry "GER"]
[SourceTitle "CBM 124 Extra"]
[Source "ChessBase"]
[SourceDate "2008.07.03"]
[SourceVersion "1"]
[SourceVersionDate "2008.07.03"]
[SourceQuality "1"]

1. e4 c5 2. c3 g6 3. d4 cxd4 4. cxd4 Bg7 5. Nf3 d6 6. Be3 Nf6 7. Nc3 0-0 8. Be2 e6 9. 0-0 b6 10. Qd2 Ng4 11. Bf4 e5 12. dxe5 dxe5 13. Bg3 Qxd2 14. Nxd2 Nc6 15. Rfd1 Nd4 16. h3 Nh6 17. Nf3 Nxe2+ 18. Nxe2 f6 19. Rd2 Bb7 20. Nc3 Nf7 21. Rd7 Bc6 22. Rd3 b5 23. b4 a5 24. Rb1 f5 25. Nd2 fxe4 26. Ndxe4 axb4 27. Rxb4 Rab8 28. Nd2 Rfe8 29. Re3 Bf8 30. Rb1 b4 31. Nd1 Bh6 32. Rd3 Kg7 33. Rb2 Red8 34. Rxd8 Rxd8 35. f4 exf4 36. Be1 Ne5 37. Nf2 f3 38. gxf3 Bxd2 39. Bxd2 Nxf3+ 40. Kf1 Nxd2+ 41. Kg1 Nf3+ 42. Kf1 Rb8 43. Nd3 Bb5 44. Ke2 Ne5 45. Rb3 Bxd3+ 46. Rxd3 Nxd3 47. Kxd3 b3 0-1

[Event "GER-chT U12"]
[Site "Verden an der Aller"]
[Date "2007.12.28"]
[Round "4.3"]
[White "Riasanow, Nikita"]
[Black "Schmid, Floyd"]
[Result "1/2-1/2"]
[WhiteElo "1252"]
[BlackElo "1073"]
[PlyCount "78"]
[EventDate "2007.12.27"]
[EventType "team-swiss"]
[EventRounds "7"]
[EventCountry "GER"]
[SourceTitle "EXT 2009"]
[Source "ChessBase"]
[SourceDate "2008.11.26"]
[SourceVersion "1"]
[SourceVersionDate "2008.11.26"]
[SourceQuality "1"]
[WhiteTeam "Stuttgart Wolfbusch U12"]
[BlackTeam "Berlin Empor U12"]
[WhiteTeamCountry "GER"]
[BlackTeamCountry "GER"]

1. e4 e5 2. Nf3 Nc6 3. Bc4 Bc5 4. c3 Nf6 5. d4 exd4 6. e5 Ng4 7. cxd4 Bb6 8. 0-0 d6 9. Ng5 d5 10. Be2 Nh6 11. Nf3 Nf5 12. Bb5 0-0 13. Bxc6 bxc6 14. Nc3 h6 15. Kh1 c5 16. dxc5 Bxc5 17. Qxd5 Qxd5 18. Nxd5 c6 19. Nc3 Ba6 20. Rd1 Bxf2 21. Ne4 Be3 22. Bxe3 Nxe3 23. Rd6 Rab8 24. Rxc6 Bb7 25. Rc3 Bxe4 26. Rxe3 Bxf3 27. gxf3 Rxb2 28. Ra3 Re8 29. Re1 f6 30. Rxa7 Rxe5 31. Rxe5 fxe5 32. a4 Ra2 33. Ra5 Kf7 34. Rxe5 Rxa4 35. Kg2 Kf6 36. Rb5 g5 37. Kg3 h5 38. Rb6+ Kf5 39. Rb5+ Kf6 1/2-1/2

[Event "GER-chT U12"]
[Site "Verden an der Aller"]
[Date "2007.12.27"]
[Round "1.3"]
[White "Schmid, Floyd"]
[Black "Lorenz, Erik"]
[Result "0-1"]
[WhiteElo "1073"]
[BlackElo "1314"]
[PlyCount "108"]
[EventDate "2007.12.27"]
[EventType "team-swiss"]
[EventRounds "7"]
[EventCountry "GER"]
[SourceTitle "EXT 2009"]
[Source "ChessBase"]
[SourceDate "2008.11.26"]
[SourceVersion "1"]
[SourceVersionDate "2008.11.26"]
[SourceQuality "1"]
[WhiteTeam "Berlin Empor U12"]
[BlackTeam "Erfurt Empor U12"]
[WhiteTeamCountry "GER"]
[BlackTeamCountry "GER"]

1. e4 c5 2. Nf3 d6 3. Bc4 Nf6 4. Nc3 a6 5. d4 cxd4 6. Qxd4 Nc6 7. Qe3 b5 8. Bb3 Bb7 9. a3 e6 10. Qd3 Be7 11. 0-0 0-0 12. Bf4 Nh5 13. Be3 Qc7 14. Rad1 Rfd8 15. Ne2 Ne5 16. Qd4 Nxf3+ 17. gxf3 Bf6 18. Qb6 Qxb6 19. Bxb6 Rd7 20. Bc5 Bxb2 21. Rxd6 Rxd6 22. Bxd6 Rd8 23. Bb4 Be5 24. Ng3 Nf4 25. c4 Bc6 26. cxb5 Bxb5 27. Re1 g6 28. a4 Bd3 29. Rd1 Rc8 30. Be7 Rc3 31. Ba2 Ra3 32. Bb1 Ra1 33. Bg5 Rxb1 34. Rxb1 Bxb1 35. Bxf4 Bxf4 36. Ne2 Bc7 37. Nd4 Kf8 38. Nc6 Ke8 39. Kg2 Kd7 40. Nd4 Bb6 41. Ne2 Bc2 42. Nc3 Ba5 43. Ne2 Bxa4 44. Nd4 Bc3 45. Ne2 Bb2 46. Nf4 Bb5 47. Nh3 h6 48. f4 a5 49. Ng1 a4 50. Nf3 Bc3 51. Nh4 a3 52. f5 a2 53. fxg6 fxg6 54. Nxg6 a1Q 0-1